000 01568nam0a22002891 4500
001 rc\4313828
005 20260407165724.0
021 _aRU
_b[63-54184]
035 _a(NLR Aleph) 008509776
090 _a8161785
_c8161785
100 _a20130416d1963 |||y0rusy50 ca
101 0 _arus
102 _aRU
105 _ay z |||||
200 1 _aПостановления Пленума Центрального Комитета КПСС. Июнь 1963 г.
_eОб очередных задачах идеологической работы партии. О предстоящей встрече представителей ЦК КПСС с представителями ЦК КПК
210 _aМосква
_cГосполитиздат
_d1963
215 _a31 с.
_d20
464 0 _12001#$aОб очередных задачах идеологической работы партии$aО предстоящей встрече представителей ЦК КПСС с представителями ЦК КПК
_tО предстоящей встрече представителей ЦК КПСС с представителями ЦК КПК
601 0 2 _aКПСС
_2psbo
606 _aИдеологическая работа КПСС
_2psbo
606 _aМеждународное коммунистическое движение
_z20 в.
_2psbo
710 0 2 _aКПСС
_bЦК
_bПленум
_f1963, июнь
_9711019
_3RU\NLR\AUTH\8810105378
801 0 _aRU
_bNLR
_gpsbo
801 1 _aRU
_bELAR
_2rusmarc
852 _aNLR
_j63-4/12459
942 _cBOOK
980 _aNB